Na vnútornej strane viečok

Podrobná bibliografia
Hlavný autor: Ondrejička, Erik, 1964- (Autor)
Korporatívny autor: Najkrajšie knihy Slovenska
Ďalší autori: Brunovský, Albín, 1935-1997 (Ilustrátor)
Médium: Konferenčný príspevok Kniha
Jazyk:slovenčina
Fyzický popis:150 s. ilustr. 24 cm
Vydavateľské údaje: Bratislava Prokat 2011
ISBN:9788097044701
Vydanie:2. zm. vyd.
Predmet:

MARC

LEADER 00000nam a22000005a 4500
001 vtls010341326
003 SK-MaSNL
005 20260301032419.0
008 240313s2011 xo a g 000 p slo
015 |a SNBA2012/03-01374 
020 |a 9788097044701  |q (viaz.) 
035 |a 57CD298B-4425-4D1E-B1DC-FAC20708862F 
035 |a urn:nbn:sk:snk-amjjsn 
035 |a urn:nbn:sk:snk-am000yy7 
040 |a SNK  |b slo  |c SNK  |e AACR2 
041 0 |a slo 
044 |a xo  |c SK 
072 7 |a 821.162.4-1  |x Slovenská poézia  |2 konspekt 
080 |a 821.162.4-1  |2 2001 
100 1 |a Ondrejička, Erik,  |d 1964-  |4 aut  |9 109058 
245 1 0 |a Na vnútornej strane viečok  |c Erik Ondrejička ; [ilustrácie Albín Brunovský ; dizajn Pergamen] 
250 |a 2. zm. vyd. 
260 |a Bratislava  |b Prokat  |c 2011  |e Banská Bystrica  |f Tlačiarne BB 
300 |a 150 s.  |b ilustr.  |c 24 cm 
655 7 |a slovenská poézia  |2 SNKPH  |9 70444 
655 7 |a Slovak poetry  |2 SNKPHeng  |9 265010 
700 1 |a Brunovský, Albín,  |d 1935-1997  |4 ill  |9 194164 
710 1 |a Pergamen (Trnava)  |4 bkd  |9 329681 
711 2 |a Najkrajšie knihy Slovenska  |c Bratislava, Slovensko).  |d 2011  |9 329682 
852 |a Štátna vedecká knižnica v Banskej Bystrici 
919 |a 978-80-970447-0-1 
958 |a LX 
968 |d 821 
999 |c 578366  |d 580296 
952 |a SNK  |b SNK  |y PREZ  |7 0  |p 17A0877645  |o snkSC 148221  |i snk2012/3699  |8 0  |0 0  |1 0  |4 0  |d 2012-02-10  |l 0  |r 2025-07-17 00:00:00  |w 2026-02-23 
952 |a SNK  |b SNK  |y VYP  |7 0  |p 17A0877644  |o snkSC 148221 D1  |i snk2012/3700  |8 0  |0 0  |1 0  |4 0  |d 2012-02-10  |f 1  |l 0  |r 2026-02-23 14:40:46  |w 2026-02-23